[Event "FRM-chT (Women)"]
[Site "Ohrid"]
[Date "2023.08.29"]
[Round "4.4"]
[White "Sekulovska, Vesna"]
[Black "Smilevska, Nade"]
[Result "1-0"]
[WhiteElo "2065"]
[BlackElo "1020"]
[PlyCount "47"]
[EventDate "2023.08.26"]
[EventType "team-tourn"]
[EventRounds "7"]
[EventCountry "MKD"]
[SourceTitle "EXT 2024"]
[Source "ChessBase"]
[SourceDate "2023.10.10"]
[SourceVersion "1"]
[SourceVersionDate "2023.10.10"]
[SourceQuality "1"]

1. d4 d5 2. c4 e6 3. Nc3 Nf6 4. Bg5 h6 5. Bxf6 Qxf6 6. cxd5 Bb4 7. dxe6 Bxe6 8. Nf3 0-0 9. a3 Ba5 10. b4 Bb6 11. e3 Nd7 12. Bd3 Bf5 13. Nd5 Qe6 14. Bxf5 Qxd5 15. Bc2 Nf6 16. 0-0 c6 17. Qd3 g6 18. Ne5 Rfe8 19. Bb3 Qe4 20. Qxe4 Nxe4 21. Bxf7+ Kf8 22. Bxe8 Rxe8 23. f3 Nd2 24. Rfd1 1-0

[Event "FRM-chT (Women)"]
[Site "Struga"]
[Date "2022.10.15"]
[Round "2.3"]
[White "Sekulovska, Vesna"]
[Black "Ajradinoska, Indzi"]
[Result "0-1"]
[WhiteElo "2089"]
[BlackElo "1438"]
[PlyCount "78"]
[EventDate "2022.10.14"]
[EventType "team-tourn"]
[EventRounds "7"]
[EventCountry "MKD"]
[SourceTitle "CBM 210 Extra"]
[Source "ChessBase"]
[SourceDate "2022.11.30"]
[SourceVersion "1"]
[SourceVersionDate "2022.11.30"]
[SourceQuality "1"]
[WhiteTeam "Skopje Alkaloid (W)"]
[BlackTeam "Skopje Gambit Asseko (W)"]
[WhiteTeamCountry "MKD"]
[BlackTeamCountry "MKD"]

1. d4 Nf6 2. c4 e6 3. Nc3 Bb4 4. Qc2 d5 5. Nf3 Nc6 6. e3 0-0 7. Bd3 dxc4 8. Bxc4 b6 9. Bd2 Bb7 10. a3 Bxc3 11. Bxc3 Ne7 12. Rc1 Ned5 13. Bd2 Ne7 14. b4 Qd6 15. Bd3 Bxf3 16. gxf3 c6 17. h4 Qd5 18. e4 Qxd4 19. Bc3 Qd7 20. e5 Nfd5 21. Bxh7+ Kh8 22. Be4 Rfd8 23. h5 Rac8 24. h6 g6 25. Bd2 c5 26. Qb2 cxb4 27. Rxc8 Rxc8 28. axb4 Qa4 29. 0-0 Qd7 30. Bg5 Qb5 31. Qa3 Rc7 32. Rd1 Nc3 33. Bf6+ Kh7 34. Rd8 Ng8 35. Ra8 Nxf6 36. exf6 Ne2+ 37. Kg2 Nf4+ 38. Kh2 Qh5+ 39. Kg1 Qh3 0-1

[Event "Skopje op 19th"]
[Site "Skopje"]
[Date "2011.11.01"]
[Round "9"]
[White "Sekulovska, Vesna"]
[Black "Konstantinov, Aleksandar1111"]
[Result "1/2-1/2"]
[WhiteElo "2105"]
[BlackElo "1710"]
[PlyCount "25"]
[EventDate "2011.10.24"]
[EventType "swiss"]
[EventRounds "9"]
[EventCountry "MKD"]
[SourceTitle "EXT 2012"]
[Source "ChessBase"]
[SourceDate "2011.11.24"]
[SourceVersion "1"]
[SourceVersionDate "2011.11.24"]
[SourceQuality "1"]

1. Nf3 Nf6 2. g3 g6 3. Bg2 Bg7 4. d3 d6 5. e4 e5 6. Nbd2 0-0 7. 0-0 Bd7 8. Re1 Qc8 9. Nf1 Bh3 10. Ne3 Bxg2 11. Nxg2 Nbd7 12. d4 Re8 13. d5 1/2-1/2

[Event "Skopje Karposh op"]
[Site "Skopje"]
[Date "2011.04.04"]
[Round "4"]
[White "Sekulovska, Vesna"]
[Black "Stojanovic, Andjelija"]
[Result "0-1"]
[WhiteElo "2117"]
[BlackElo "2318"]
[PlyCount "74"]
[EventDate "2011.04.02"]
[EventType "swiss"]
[EventRounds "9"]
[EventCountry "MKD"]
[SourceTitle "CBM 141 Extra"]
[Source "ChessBase"]
[SourceDate "2011.05.03"]
[SourceVersion "1"]
[SourceVersionDate "2011.05.03"]
[SourceQuality "1"]

1. d4 Nf6 2. c4 g6 3. Nc3 d5 4. Nf3 Bg7 5. Bg5 Ne4 6. cxd5 Nxg5 7. Nxg5 e6 8. Nf3 exd5 9. e3 a5 10. Bd3 0-0 11. 0-0 c6 12. Rc1 Bg4 13. h3 Bxf3 14. Qxf3 Qd6 15. Rfd1 Nd7 16. e4 dxe4 17. Bxe4 Rfe8 18. Bc2 Qf6 19. Qg4 Nb6 20. Ne4 Qe6 21. Qg3 Nd5 22. Nc5 Qe7 23. h4 Bxd4 24. Rxd4 Qxc5 25. Rdd1 Qe7 26. h5 Qf6 27. hxg6 hxg6 28. Bb3 Nf4 29. Bc4 Re7 30. Rc3 Rae8 31. Rf3 g5 32. Qg4 Re1+ 33. Rxe1 Rxe1+ 34. Bf1 Ne2+ 35. Kh2 Qe5+ 36. g3 Rxf1 37. Rf5 Qh8+ 0-1

[Event "Skopje-ch op"]
[Site "Skopje"]
[Date "2010.12.10"]
[Round "7"]
[White "Sekulovska, Vesna"]
[Black "Kacakovski, Dimitar"]
[Result "1-0"]
[WhiteElo "2118"]
[BlackElo "2178"]
[PlyCount "75"]
[EventDate "2010.12.04"]
[EventType "swiss"]
[EventRounds "9"]
[EventCountry "MKD"]
[SourceTitle "CBM 139 Extra"]
[Source "ChessBase"]
[SourceDate "2011.01.05"]
[SourceVersion "1"]
[SourceVersionDate "2011.01.05"]
[SourceQuality "1"]

1. d4 Nf6 2. c4 g6 3. Nc3 Bg7 4. e4 d6 5. f3 0-0 6. Nge2 c5 7. Be3 Nc6 8. d5 Na5 9. Nc1 e6 10. Be2 exd5 11. cxd5 a6 12. 0-0 b5 13. e5 Nd7 14. exd6 Re8 15. Bf2 Nb7 16. Nd3 c4 17. Nb4 Nxd6 18. a4 Bb7 19. axb5 axb5 20. Rxa8 Bxa8 21. Qd2 Qc7 22. Rd1 Nc5 23. Nxb5 Nxb5 24. d6 Nxd6 25. Qxd6 Qxd6 26. Rxd6 Nb7 27. Ra6 Rxe2 28. Rxa8+ Bf8 29. Bd4 f5 30. Nc6 Rd2 31. Bc3 Rd1+ 32. Kf2 Nc5 33. Kg3 Nd3 34. h4 h5 35. Nd8 f4+ 36. Kh2 Nf2 37. g3 fxg3+ 38. Kxg3 1-0

[Event "Skopje-ch op"]
[Site "Skopje"]
[Date "2010.12.08"]
[Round "5"]
[White "Sekulovska, Vesna"]
[Black "Bogdanovski, Vlatko"]
[Result "0-1"]
[WhiteElo "2118"]
[BlackElo "2418"]
[PlyCount "65"]
[EventDate "2010.12.04"]
[EventType "swiss"]
[EventRounds "9"]
[EventCountry "MKD"]
[SourceTitle "CBM 139 Extra"]
[Source "ChessBase"]
[SourceDate "2011.01.05"]
[SourceVersion "1"]
[SourceVersionDate "2011.01.05"]
[SourceQuality "1"]

1. d4 Nf6 2. c4 g6 3. Nc3 d5 4. Nf3 Bg7 5. Bg5 Ne4 6. cxd5 Nxg5 7. Nxg5 e6 8. Nf3 exd5 9. e3 0-0 10. Bd3 c6 11. 0-0 Qd6 12. Rb1 Nd7 13. Qc2 a5 14. Rfc1 Nb6 15. Ne2 Re8 16. Qc5 Qd8 17. Qc2 Bg4 18. b4 axb4 19. Rxb4 Bc8 20. Nd2 Bf8 21. Rb3 Nd7 22. e4 dxe4 23. Nxe4 Nb6 24. Nc5 Bxc5 25. dxc5 Nd5 26. Ng3 Qa5 27. a3 Re5 28. Qb2 Re1+ 29. Bf1 Rxc1 30. Qxc1 Qc7 31. Ne4 Be6 32. Qb2 Qf4 33. Ng3 0-1

[Event "FRM-ch 17th"]
[Site "Struga"]
[Date "2008.07.19"]
[Round "6"]
[White "Petkovski, Vlatko"]
[Black "Sekulovska, Vesna"]
[Result "1/2-1/2"]
[WhiteElo "2185"]
[BlackElo "2125"]
[PlyCount "111"]
[EventDate "2008.07.14"]
[EventType "swiss"]
[EventRounds "9"]
[EventCountry "MKD"]
[SourceTitle "CBM 125 Extra"]
[Source "ChessBase"]
[SourceDate "2008.09.01"]
[SourceVersion "1"]
[SourceVersionDate "2008.09.01"]
[SourceQuality "1"]

1. c4 e6 2. Nf3 d5 3. d4 Nf6 4. g3 Be7 5. Bg2 dxc4 6. Qa4+ Bd7 7. Qxc4 Bc6 8. 0-0 a6 9. Nbd2 b5 10. Qc2 Bb7 11. e4 Nbd7 12. e5 Nd5 13. Ne4 c5 14. Bg5 Nb4 15. Qe2 Bxe4 16. Qxe4 Nd5 17. Bxe7 Qxe7 18. dxc5 Nxc5 19. Qd4 0-0 20. Rac1 Rac8 21. Rfd1 h6 22. h4 Na4 23. Bf1 Qb4 24. Qxb4 Nxb4 25. a3 Nd5 26. b3 Nac3 27. Re1 Rc7 28. Kg2 Rfc8 29. Nd4 a5 30. Rc2 b4 31. axb4 axb4 32. Ra1 Rd8 33. Rd2 Ne4 34. Rc2 Rxc2 35. Nxc2 Ndc3 36. Nxb4 Rd2 37. Nd3 Nd1 38. Kf3 Nexf2 39. Be2 Nxd3 40. Rxd1 Nxe5+ 41. Ke3 Rb2 42. Rd8+ Kh7 43. Rb8 Kg6 44. Rb5 Kf6 45. Rb7 g5 46. hxg5+ hxg5 47. Rb8 Nc6 48. Rb6 Ne7 49. Kf3 g4+ 50. Kf2 Nd5 51. Rc6 Rxb3 52. Bxg4 Ne3 53. Bh5 Nf5 54. Rc7 Nxg3 55. Bxf7 Ne4+ 56. Ke2 1/2-1/2

[Event "FRM-ch 17th"]
[Site "Struga"]
[Date "2008.07.18"]
[Round "5"]
[White "Sekulovska, Vesna"]
[Black "Petrovski, Igor"]
[Result "1-0"]
[WhiteElo "2125"]
[BlackElo "1836"]
[PlyCount "43"]
[EventDate "2008.07.14"]
[EventType "swiss"]
[EventRounds "9"]
[EventCountry "MKD"]
[SourceTitle "CBM 125 Extra"]
[Source "ChessBase"]
[SourceDate "2008.09.01"]
[SourceVersion "1"]
[SourceVersionDate "2008.09.01"]
[SourceQuality "1"]

1. d4 Nf6 2. c4 g6 3. Nc3 Bg7 4. e4 d6 5. f3 0-0 6. Nge2 c6 7. Be3 a6 8. c5 dxc5 9. dxc5 e5 10. Qxd8 Rxd8 11. Na4 Be6 12. Nb6 Ra7 13. Nc3 Nbd7 14. 0-0-0 a5 15. Bc4 Bxc4 16. Nxc4 Raa8 17. Na4 Nh5 18. Rd2 Kf8 19. Rhd1 Ke7 20. Rxd7+ Rxd7 21. Rxd7+ Kxd7 22. Nab6+ 1-0

[Event "FRM-ch (Women)"]
[Site "Struga"]
[Date "2008.07.09"]
[Round "5"]
[White "Sekulovska, Vesna"]
[Black "Nikolovska, Dragana"]
[Result "1-0"]
[WhiteElo "2129"]
[BlackElo "1759"]
[PlyCount "104"]
[EventDate "2008.07.05"]
[EventType "tourn"]
[EventRounds "7"]
[EventCountry "MKD"]
[SourceTitle "CBM 125 Extra"]
[Source "ChessBase"]
[SourceDate "2008.09.01"]
[SourceVersion "1"]
[SourceVersionDate "2008.09.01"]
[SourceQuality "1"]

1. d4 Nf6 2. c4 c5 3. d5 b5 4. cxb5 a6 5. bxa6 Bxa6 6. Nc3 d6 7. g3 g6 8. Bg2 Bg7 9. Nh3 Nbd7 10. 0-0 0-0 11. Nf4 Qa5 12. Qc2 Ne8 13. Bd2 Nb6 14. a4 Nc4 15. Be1 Qb4 16. Nd3 Qb6 17. b3 Na5 18. Rb1 Rb8 19. Nc1 Nc7 20. Bd2 e6 21. Rd1 Rfc8 22. Be3 Qb4 23. N1a2 Qb6 24. Bf4 exd5 25. Nxd5 Nxd5 26. Bxd5 Re8 27. Bf3 Rbd8 28. Nc3 Nc6 29. Nd5 Qb8 30. e3 h6 31. Nf6+ Bxf6 32. Bxc6 Re7 33. e4 Kh7 34. h4 Qc7 35. Bd5 Bd4 36. h5 Kg7 37. Qd2 g5 38. Be3 Bf6 39. Rdc1 Qb8 40. b4 Qc8 41. bxc5 dxc5 42. Bxc5 Rc7 43. Bb6 Rxc1+ 44. Rxc1 Qb8 45. Bxd8 Qxd8 46. Qc2 Be5 47. Qc6 Be2 48. Qc8 Qa5 49. Qf5 Bf6 50. e5 Qd8 51. exf6+ Qxf6 52. Qxf6+ Kxf6 1-0

[Event "FRM-ch (Women)"]
[Site "Struga"]
[Date "2008.07.06"]
[Round "2"]
[White "Kierzek, Mira"]
[Black "Sekulovska, Vesna"]
[Result "1/2-1/2"]
[WhiteElo "2011"]
[BlackElo "2129"]
[PlyCount "126"]
[EventDate "2008.07.05"]
[EventType "tourn"]
[EventRounds "7"]
[EventCountry "MKD"]
[SourceTitle "CBM 125 Extra"]
[Source "ChessBase"]
[SourceDate "2008.09.01"]
[SourceVersion "1"]
[SourceVersionDate "2008.09.01"]
[SourceQuality "1"]

1. d4 Nf6 2. Nf3 e6 3. e3 b6 4. Bd3 Bb7 5. 0-0 c5 6. c3 Be7 7. Nbd2 Nc6 8. Ne5 d6 9. Nxc6 Bxc6 10. e4 Qc7 11. Qe2 Rd8 12. f4 d5 13. e5 Ne4 14. f5 exf5 15. Rxf5 g6 16. Rf1 0-0 17. Nf3 cxd4 18. cxd4 Qd7 19. Bh6 Rfe8 20. Rac1 Bf8 21. Be3 h6 22. Nd2 Re6 23. Rc2 a5 24. Rcc1 Bg7 25. Nxe4 dxe4 26. Bc4 Bd5 27. Bxd5 Qxd5 28. Qc4 Qxc4 29. Rxc4 f6 30. exf6 Bxf6 31. b3 Red6 32. d5 Bg5 33. Bxg5 hxg5 34. Rxe4 Rxd5 35. Re6 R5d6 36. Rff6 Rxe6 37. Rxe6 Kf7 38. Rxb6 Rd1+ 39. Kf2 Rd2+ 40. Kf3 Rxa2 41. Rb5 g4+ 42. Kg3 a4 43. bxa4 Rxa4 44. Rg5 Kf6 45. Rxg4 Ra3+ 46. Kf2 Kf5 47. h3 Rb3 48. Ra4 Rb2+ 49. Kg3 Rb3+ 50. Kh2 Rb2 51. Ra3 Rc2 52. Rf3+ Kg5 53. Kg3 Kh5 54. Rd3 Rc4 55. Kf3 Kh6 56. g4 g5 57. Kg3 Rc1 58. Rf3 Kg6 59. Re3 Rg1+ 60. Kf2 Rb1 61. Kg2 Rc1 62. Re2 Rc3 63. Rf2 Ra3 1/2-1/2

[Event "FRM CupT 15th"]
[Site "Skopje"]
[Date "2007.04.27"]
[Round "3"]
[White "Glavinac, Goran"]
[Black "Sekulovska, Vesna"]
[Result "1-0"]
[WhiteElo "2174"]
[BlackElo "2136"]
[PlyCount "87"]
[EventDate "2007.04.25"]
[EventType "team-swiss"]
[EventRounds "5"]
[EventCountry "MKD"]
[SourceTitle "EXT 2019"]
[Source "ChessBase"]
[SourceDate "2018.10.10"]
[SourceVersion "1"]
[SourceVersionDate "2018.10.10"]
[SourceQuality "1"]

1. e4 e5 2. Nf3 Nc6 3. Bb5 a6 4. Ba4 Nf6 5. 0-0 Be7 6. Re1 b5 7. Bb3 0-0 8. a4 Rb8 9. axb5 axb5 10. Nc3 d6 11. h3 Nd4 12. Nxd4 exd4 13. Nd5 Nxd5 14. Bxd5 Bd7 15. d3 Kh8 16. Qe2 Bg5 17. f4 Bh4 18. Rf1 f5 19. exf5 Bxf5 20. Kh2 Bd7 21. g3 Bf6 22. Bd2 c6 23. Be4 d5 24. Bf3 Re8 25. Qg2 Ra8 26. Rae1 Ra2 27. Rxe8+ Bxe8 28. Bc1 Bf7 29. Re1 b4 30. Qe2 c5 31. Bg4 Ra7 32. Qd1 c4 33. Be6 c3 34. b3 h6 35. f5 Bxe6 36. Rxe6 Ra2 37. Qe2 Kh7 38. Bf4 Qa5 39. Rxf6 gxf6 40. Qe7+ Kg8 41. Qe8+ Kh7 42. Qg6+ Kh8 43. Qxf6+ Kg8 44. Qg6+ 1-0

[Event "Olympiad Women-37"]
[Site "Turin"]
[Date "2006.06.04"]
[Round "13"]
[White "Pintor, Ariana Maciel Abran"]
[Black "Sekulovska, Vesna"]
[Result "1/2-1/2"]
[WhiteElo "2064"]
[BlackElo "2139"]
[PlyCount "66"]
[EventDate "2006.05.21"]
[EventType "team-swiss"]
[EventRounds "13"]
[EventCountry "ITA"]
[SourceTitle "CBM 112 Extra"]
[Source "ChessBase"]
[SourceDate "2006.07.14"]
[SourceVersion "1"]
[SourceVersionDate "2006.07.14"]
[SourceQuality "1"]
[WhiteTeam "Portugal (W)"]
[BlackTeam "Macedonia (W)"]
[WhiteTeamCountry "POR"]
[BlackTeamCountry "MKD"]

1. e4 e5 2. Nf3 Nc6 3. Bb5 a6 4. Bxc6 dxc6 5. d4 exd4 6. Qxd4 Qxd4 7. Nxd4 Bd7 8. 0-0 0-0-0 9. Be3 f6 10. Nc3 Bd6 11. Rad1 Ne7 12. Nb3 Rhe8 13. Nc5 Ng6 14. f3 Ne5 15. Bf2 b6 16. Nxd7 Rxd7 17. Rd4 Bc5 18. Rxd7 Nxd7 19. Bxc5 Nxc5 20. Rd1 Ne6 21. Kf2 c5 22. Nd5 b5 23. g3 c6 24. Ne3 Kc7 25. Nf5 g6 26. Ne3 Rf8 27. f4 c4 28. Rd2 Nc5 29. Kf3 Re8 30. Rd4 Ne6 31. Rd2 Nc5 32. Rd4 Ne6 33. Rd2 Nc5 1/2-1/2

[Event "Olympiad Women-37"]
[Site "Turin"]
[Date "2006.05.30"]
[Round "9"]
[White "Sekulovska, Vesna"]
[Black "Zepeda, Lorena"]
[Result "0-1"]
[WhiteElo "2139"]
[BlackElo "2122"]
[PlyCount "70"]
[EventDate "2006.05.21"]
[EventType "team-swiss"]
[EventRounds "13"]
[EventCountry "ITA"]
[SourceTitle "CBM 112 Extra"]
[Source "ChessBase"]
[SourceDate "2006.07.14"]
[SourceVersion "1"]
[SourceVersionDate "2006.07.14"]
[SourceQuality "1"]
[WhiteTeam "Macedonia (W)"]
[BlackTeam "El Salvador (W)"]
[WhiteTeamCountry "MKD"]
[BlackTeamCountry "ESA"]

1. d4 e6 2. c4 Nf6 3. Nc3 Bb4 4. e3 b6 5. Bd3 Bb7 6. f3 c5 7. Nge2 cxd4 8. exd4 0-0 9. 0-0 d5 10. Bg5 dxc4 11. Bxc4 Be7 12. Rc1 a6 13. a4 Nc6 14. Kh1 Rc8 15. Bb3 h6 16. Bxf6 Bxf6 17. d5 exd5 18. Bxd5 Re8 19. Ne4 Be5 20. Qb3 Re7 21. Rfd1 Qc7 22. g3 Kh8 23. f4 Bd6 24. Qf3 f5 25. Nxd6 Qxd6 26. Nc3 Qb4 27. Qh5 Qxb2 28. Re1 Nd4 29. Bxb7 Rxb7 30. Re8+ Rxe8 31. Qxe8+ Kh7 32. Qe3 Re7 33. Nd1 Qb4 34. Qc3 Re1+ 35. Kg2 Qxc3 0-1

[Event "Olympiad Women-37"]
[Site "Turin"]
[Date "2006.05.22"]
[Round "2"]
[White "Maksimovic, Suzana"]
[Black "Sekulovska, Vesna"]
[Result "0-1"]
[WhiteElo "2295"]
[BlackElo "2139"]
[PlyCount "85"]
[EventDate "2006.05.21"]
[EventType "team-swiss"]
[EventRounds "13"]
[EventCountry "ITA"]
[SourceTitle "CBM 112 Extra"]
[Source "ChessBase"]
[SourceDate "2006.07.14"]
[SourceVersion "1"]
[SourceVersionDate "2006.07.14"]
[SourceQuality "1"]
[WhiteTeam "Yugoslavia (W)"]
[BlackTeam "Macedonia (W)"]
[WhiteTeamCountry "YUG"]
[BlackTeamCountry "MKD"]

1. d4 d5 2. Nf3 Nf6 3. c4 e6 4. e3 Be7 5. b3 0-0 6. Bd3 b6 7. 0-0 Bb7 8. Bb2 c5 9. Nc3 Nc6 10. cxd5 exd5 11. dxc5 bxc5 12. Rc1 Qa5 13. Na4 c4 14. Bb1 Rad8 15. Nd4 Nxd4 16. Bxd4 Ba6 17. Re1 Qc7 18. Qf3 Qc6 19. Nb2 Bc5 20. Nxc4 Bxd4 21. exd4 Rc8 22. Re7 dxc4 23. Qxc6 Rxc6 24. Rxa7 Re8 25. f3 g6 26. d5 Rd6 27. bxc4 Bxc4 28. Rxc4 Re1+ 29. Kf2 Rxb1 30. Rc8+ Kg7 31. Rcc7 Rb2+ 32. Kg1 Rb1+ 33. Kf2 Rb2+ 34. Kg1 Rxd5 35. Rxf7+ Kh6 36. h4 Rd6 37. Kh2 g5 38. hxg5+ Kxg5 39. Rg7+ Kf5 40. Kh3 Rdd2 41. Raf7 Rxa2 42. g4+ Ke6 43. Re7+ 0-1

[Event "Olympiad Women-36"]
[Site "Mallorca"]
[Date "2004.10.29"]
[Round "14.2"]
[White "Sekulovska, Vesna"]
[Black "Tilenbaeva, Janyl"]
[Result "1/2-1/2"]
[WhiteElo "2164"]
[BlackElo "2080"]
[PlyCount "72"]
[EventDate "2004.10.15"]
[EventType "team-swiss"]
[EventRounds "14"]
[EventCountry "ESP"]
[SourceTitle "CBM 102 Extra"]
[Source "ChessBase"]
[SourceDate "2004.11.03"]
[SourceVersion "1"]
[SourceVersionDate "2004.11.03"]
[SourceQuality "1"]
[WhiteTeam "Macedonia (W)"]
[BlackTeam "Kyrgyzstan (W)"]
[WhiteTeamCountry "MKD"]
[BlackTeamCountry "KGZ"]

1. d4 d5 2. c4 e6 3. Nc3 Nf6 4. Bg5 Be7 5. cxd5 exd5 6. e3 c6 7. Bd3 Nbd7 8. Qc2 Nh5 9. Bxe7 Qxe7 10. Nge2 g6 11. g4 Ng7 12. 0-0-0 Nf6 13. h3 Bd7 14. Kb1 0-0-0 15. g5 Nfh5 16. Nxd5 Qd6 17. Ndc3 Kb8 18. Ne4 Qe7 19. N2c3 Bf5 20. Ka1 Ne6 21. Qb3 Nxg5 22. Nxg5 Qxg5 23. Ba6 Bc8 24. Bc4 f5 25. d5 Qf6 26. Rd4 c5 27. Rd2 Qd6 28. Rhd1 Nf6 29. a4 a6 30. a5 Rhe8 31. Na4 Re4 32. Nb6 f4 33. exf4 Qxf4 34. Nxc8 Kxc8 35. Re2 Ree8 36. Re6 Qd4 1/2-1/2

[Event "Olympiad Women-36"]
[Site "Mallorca"]
[Date "2004.10.27"]
[Round "12.2"]
[White "Sekulovska, Vesna"]
[Black "Jelica, Mara"]
[Result "1/2-1/2"]
[WhiteElo "2164"]
[BlackElo "2252"]
[PlyCount "61"]
[EventDate "2004.10.15"]
[EventType "team-swiss"]
[EventRounds "14"]
[EventCountry "ESP"]
[SourceTitle "CBM 102 Extra"]
[Source "ChessBase"]
[SourceDate "2004.11.03"]
[SourceVersion "1"]
[SourceVersionDate "2004.11.03"]
[SourceQuality "1"]
[WhiteTeam "Macedonia (W)"]
[BlackTeam "Croatia (W)"]
[WhiteTeamCountry "MKD"]
[BlackTeamCountry "CRO"]

1. d4 Nf6 2. c4 g6 3. Nc3 d5 4. cxd5 Nxd5 5. Qb3 Nb6 6. Nf3 Bg7 7. Bf4 0-0 8. e3 Be6 9. Qc2 Nc6 10. Be2 Nb4 11. Qd1 N4d5 12. Be5 Nxc3 13. bxc3 f6 14. Bg3 Rc8 15. 0-0 c5 16. e4 cxd4 17. cxd4 Bf7 18. a4 Nc4 19. Rb1 Qd7 20. Bd3 b6 21. Qe2 Qxa4 22. d5 Na5 23. Ra1 Qb4 24. Rab1 Qc5 25. h4 Bh6 26. Rb5 Qa3 27. Nd4 Rc1 28. Rb1 Rxf1+ 29. Rxf1 Qc5 30. Nb5 Ra8 31. Kh1 1/2-1/2

[Event "Olympiad Women-36"]
[Site "Mallorca"]
[Date "2004.10.17"]
[Round "3.1"]
[White "Sekulovska, Vesna"]
[Black "Pina Vega, Sulennis"]
[Result "1/2-1/2"]
[WhiteElo "2164"]
[BlackElo "2313"]
[PlyCount "87"]
[EventDate "2004.10.15"]
[EventType "team-swiss"]
[EventRounds "14"]
[EventCountry "ESP"]
[SourceTitle "CBM 102 Extra"]
[Source "ChessBase"]
[SourceDate "2004.11.03"]
[SourceVersion "1"]
[SourceVersionDate "2004.11.03"]
[SourceQuality "1"]
[WhiteTeam "Macedonia (W)"]
[BlackTeam "Cuba (W)"]
[WhiteTeamCountry "MKD"]
[BlackTeamCountry "CUB"]

1. d4 Nf6 2. c4 g6 3. Nc3 Bg7 4. e4 d6 5. f3 0-0 6. Be3 c5 7. Nge2 Nc6 8. d5 Ne5 9. Ng3 e6 10. Be2 exd5 11. cxd5 h5 12. 0-0 a6 13. a4 Nh7 14. Qd2 h4 15. Nh1 g5 16. Nf2 Re8 17. g3 Ng6 18. Kg2 Bd7 19. Rg1 hxg3 20. hxg3 Rb8 21. Rab1 b5 22. axb5 axb5 23. b4 c4 24. Bd4 Bxd4 25. Qxd4 Qf6 26. Qxf6 Nxf6 27. Ra1 Ra8 28. Rgb1 Reb8 29. Nfd1 Ne8 30. Ne3 Nc7 31. Nc2 Kg7 32. Nd4 Kf6 33. Kf2 Ke5 34. Ke3 Nf4 35. Nc2 Ng6 36. Nd4 Rh8 37. f4+ gxf4+ 38. gxf4+ Kf6 39. Rxa8 Rxa8 40. Nc2 Rh8 41. Ra1 Ra8 42. Rxa8 Nxa8 43. Nd4 Nc7 44. Bf3 1/2-1/2

[Event "EU-chT (Women) 5th"]
[Site "Plovdiv"]
[Date "2003.10.18"]
[Round "7"]
[White "Genova, Liubka"]
[Black "Sekulovska, Vesna"]
[Result "0-1"]
[WhiteElo "2252"]
[BlackElo "2130"]
[PlyCount "94"]
[EventDate "2003.10.10"]
[EventType "team-swiss"]
[EventRounds "9"]
[EventCountry "BUL"]
[SourceTitle "EXT 2020"]
[Source "ChessBase"]
[SourceDate "2019.10.17"]
[SourceVersion "1"]
[SourceVersionDate "2019.10.17"]
[SourceQuality "1"]
[WhiteTeam "Bulgaria (W) II"]
[BlackTeam "Macedonia (W)"]
[WhiteTeamCountry "BUL"]
[BlackTeamCountry "MKD"]

1. e4 e5 2. Nf3 Nc6 3. Nc3 Nf6 4. g3 Bc5 5. Bg2 d6 6. h3 a6 7. d3 Be6 8. 0-0 h6 9. Be3 Bxe3 10. fxe3 0-0 11. Nh4 d5 12. Qf3 d4 13. exd4 Nxd4 14. Qf2 c6 15. Nd1 Nb5 16. Nf5 Bxf5 17. exf5 Qd4 18. Qxd4 exd4 19. Nf2 Rfe8 20. Bf3 Re5 21. g4 Rae8 22. a4 Nd6 23. c3 dxc3 24. bxc3 Re3 25. Kg2 Nd7 26. Rfb1 Ne5 27. Be4 Nxe4 28. dxe4 b5 29. axb5 axb5 30. Rb3 Rd8 31. Ra2 Nc4 32. Kg1 f6 33. Kg2 Kh7 34. Kg1 Nd2 35. Rbb2 Nf3+ 36. Kg2 Rxc3 37. Ra7 Ne5 38. Rba2 Rd7 39. Ra8 b4 40. R2a6 Rd2 41. Rb6 Rcc2 42. Rbb8 Rxf2+ 43. Kg3 Rf3+ 44. Kh4 Nf7 45. Rf8 Rcc3 46. g5 hxg5+ 47. Kg4 Ne5+ 0-1

[Event "Olympiad Women-35"]
[Site "Bled"]
[Date "2002.11.07"]
[Round "12.2"]
[White "Ortiz, Nadya Karolina"]
[Black "Sekulovska, Vesna"]
[Result "1-0"]
[WhiteElo "2159"]
[BlackElo "2119"]
[PlyCount "113"]
[EventDate "2002.10.26"]
[EventType "team-swiss"]
[EventRounds "14"]
[EventCountry "SLO"]
[SourceTitle "EXT 2003"]
[Source "ChessBase"]
[SourceDate "2002.11.25"]
[SourceVersion "1"]
[SourceVersionDate "2002.11.25"]
[SourceQuality "1"]
[WhiteTeam "Columbia (W)"]
[BlackTeam "Macedonia (W)"]
[WhiteTeamCountry "COL"]
[BlackTeamCountry "MKD"]

1. e4 e5 2. Nf3 Nc6 3. Bc4 Nf6 4. d3 Be7 5. c3 0-0 6. 0-0 d6 7. Bb3 Na5 8. Bc2 c5 9. Re1 b5 10. Nbd2 Re8 11. Nf1 Bf8 12. Bg5 h6 13. Bh4 Be6 14. Ne3 Rc8 15. d4 cxd4 16. cxd4 Nc4 17. Nxc4 Bxc4 18. d5 g5 19. Nxg5 hxg5 20. Bxg5 b4 21. Ba4 Bg7 22. Bxe8 Qxe8 23. Re3 Nh7 24. Bh4 Bb5 25. Rg3 Bd7 26. Qd2 Kh8 27. Qxb4 Bf8 28. Qd2 f5 29. exf5 Bxf5 30. Rc3 Qf7 31. Rxc8 Bxc8 32. Rd1 Bb7 33. Qd3 Bg7 34. Bg3 Nf6 35. Qa3 Bf8 36. Qxa7 Nxd5 37. a4 Kg8 38. a5 Bc6 39. Qa6 Bb7 40. Qe2 Nf6 41. b4 Ne4 42. a6 Ba8 43. Qc2 Nxg3 44. hxg3 d5 45. b5 d4 46. b6 Qd5 47. Qg6+ Kh8 48. f3 Bc5 49. b7 Bxb7 50. axb7 Qxb7 51. Qe8+ Kh7 52. Qxe5 Qe7 53. Qxe7+ Bxe7 54. Kf2 Bc5 55. Ke2 Kg6 56. Kd3 Bd6 57. g4 1-0